<?xml version="1.0" encoding="UTF-8"?>
<record
    xmlns:xsi="http://www.w3.org/2001/XMLSchema-instance"
    xsi:schemaLocation="http://www.loc.gov/MARC21/slim http://www.loc.gov/standards/marcxml/schema/MARC21slim.xsd"
    xmlns="http://www.loc.gov/MARC21/slim">

  <leader>00434nam a2200157   4500</leader>
  <controlfield tag="003">SEACOMEC</controlfield>
  <controlfield tag="005">20250416122654.0</controlfield>
  <controlfield tag="008">250416b        |||||||| |||| 00| 0 eng d</controlfield>
  <datafield tag="020" ind1=" " ind2=" ">
    <subfield code="a">9788185749778</subfield>
    <subfield code="c">275.00</subfield>
  </datafield>
  <datafield tag="040" ind1=" " ind2=" ">
    <subfield code="a">SEACOMEC</subfield>
  </datafield>
  <datafield tag="082" ind1=" " ind2=" ">
    <subfield code="a">621.54</subfield>
    <subfield code="b">R161</subfield>
  </datafield>
  <datafield tag="100" ind1=" " ind2=" ">
    <subfield code="a">Rajput,  R.K.</subfield>
  </datafield>
  <datafield tag="245" ind1=" " ind2=" ">
    <subfield code="a">A Textbook of Refrigeration &amp; Air Conditioning /</subfield>
    <subfield code="c"> R.K.Rajput</subfield>
  </datafield>
  <datafield tag="260" ind1=" " ind2=" ">
    <subfield code="a">Kolkata: </subfield>
    <subfield code="b"> S. K. Kataria &amp; Sons, </subfield>
    <subfield code="c">2004</subfield>
  </datafield>
  <datafield tag="942" ind1=" " ind2=" ">
    <subfield code="c">BOOK</subfield>
  </datafield>
  <datafield tag="952" ind1=" " ind2=" ">
    <subfield code="0">0</subfield>
    <subfield code="1">0</subfield>
    <subfield code="2">ddc</subfield>
    <subfield code="4">0</subfield>
    <subfield code="7">0</subfield>
    <subfield code="a">SEACOMEC</subfield>
    <subfield code="b">SEACOMEC</subfield>
    <subfield code="d">2010-02-13</subfield>
    <subfield code="l">0</subfield>
    <subfield code="o">621.54 R161</subfield>
    <subfield code="p">16027</subfield>
    <subfield code="r">2025-04-16 12:27:26</subfield>
    <subfield code="w">2025-04-16</subfield>
    <subfield code="y">REF</subfield>
  </datafield>
  <datafield tag="952" ind1=" " ind2=" ">
    <subfield code="0">0</subfield>
    <subfield code="1">0</subfield>
    <subfield code="2">ddc</subfield>
    <subfield code="4">0</subfield>
    <subfield code="7">0</subfield>
    <subfield code="a">SEACOMEC</subfield>
    <subfield code="b">SEACOMEC</subfield>
    <subfield code="d">2010-02-13</subfield>
    <subfield code="l">0</subfield>
    <subfield code="o">621.54 R161</subfield>
    <subfield code="p">16028</subfield>
    <subfield code="r">2025-04-16 12:27:26</subfield>
    <subfield code="t">1</subfield>
    <subfield code="w">2025-04-16</subfield>
    <subfield code="y">BOOK</subfield>
  </datafield>
  <datafield tag="952" ind1=" " ind2=" ">
    <subfield code="0">0</subfield>
    <subfield code="1">0</subfield>
    <subfield code="2">ddc</subfield>
    <subfield code="4">0</subfield>
    <subfield code="7">0</subfield>
    <subfield code="a">SEACOMEC</subfield>
    <subfield code="b">SEACOMEC</subfield>
    <subfield code="d">2010-02-13</subfield>
    <subfield code="l">0</subfield>
    <subfield code="o">621.54 R161</subfield>
    <subfield code="p">16029</subfield>
    <subfield code="r">2025-04-16 12:27:26</subfield>
    <subfield code="t">2</subfield>
    <subfield code="w">2025-04-16</subfield>
    <subfield code="y">BOOK</subfield>
  </datafield>
  <datafield tag="952" ind1=" " ind2=" ">
    <subfield code="0">0</subfield>
    <subfield code="1">0</subfield>
    <subfield code="2">ddc</subfield>
    <subfield code="4">0</subfield>
    <subfield code="7">0</subfield>
    <subfield code="a">SEACOMEC</subfield>
    <subfield code="b">SEACOMEC</subfield>
    <subfield code="d">2010-02-13</subfield>
    <subfield code="l">0</subfield>
    <subfield code="o">621.54 R161</subfield>
    <subfield code="p">16030</subfield>
    <subfield code="r">2025-04-16 12:27:26</subfield>
    <subfield code="t">3</subfield>
    <subfield code="w">2025-04-16</subfield>
    <subfield code="y">BOOK</subfield>
  </datafield>
  <datafield tag="952" ind1=" " ind2=" ">
    <subfield code="0">0</subfield>
    <subfield code="1">0</subfield>
    <subfield code="2">ddc</subfield>
    <subfield code="4">0</subfield>
    <subfield code="7">0</subfield>
    <subfield code="a">SEACOMEC</subfield>
    <subfield code="b">SEACOMEC</subfield>
    <subfield code="d">2010-02-13</subfield>
    <subfield code="l">0</subfield>
    <subfield code="o">621.54 R161</subfield>
    <subfield code="p">16031</subfield>
    <subfield code="r">2025-04-16 12:27:26</subfield>
    <subfield code="t">4</subfield>
    <subfield code="w">2025-04-16</subfield>
    <subfield code="y">BOOK</subfield>
  </datafield>
  <datafield tag="952" ind1=" " ind2=" ">
    <subfield code="0">0</subfield>
    <subfield code="1">0</subfield>
    <subfield code="2">ddc</subfield>
    <subfield code="4">0</subfield>
    <subfield code="7">0</subfield>
    <subfield code="a">SEACOMEC</subfield>
    <subfield code="b">SEACOMEC</subfield>
    <subfield code="d">2010-02-13</subfield>
    <subfield code="l">0</subfield>
    <subfield code="o">621.54 R161</subfield>
    <subfield code="p">16032</subfield>
    <subfield code="r">2025-04-16 12:27:26</subfield>
    <subfield code="t">5</subfield>
    <subfield code="w">2025-04-16</subfield>
    <subfield code="y">BOOK</subfield>
  </datafield>
  <datafield tag="952" ind1=" " ind2=" ">
    <subfield code="0">0</subfield>
    <subfield code="1">0</subfield>
    <subfield code="2">ddc</subfield>
    <subfield code="4">0</subfield>
    <subfield code="7">0</subfield>
    <subfield code="a">SEACOMEC</subfield>
    <subfield code="b">SEACOMEC</subfield>
    <subfield code="d">2010-02-13</subfield>
    <subfield code="l">0</subfield>
    <subfield code="o">621.54 R161</subfield>
    <subfield code="p">16033</subfield>
    <subfield code="r">2025-04-16 12:27:26</subfield>
    <subfield code="t">6</subfield>
    <subfield code="w">2025-04-16</subfield>
    <subfield code="y">BOOK</subfield>
  </datafield>
  <datafield tag="952" ind1=" " ind2=" ">
    <subfield code="0">0</subfield>
    <subfield code="1">0</subfield>
    <subfield code="2">ddc</subfield>
    <subfield code="4">0</subfield>
    <subfield code="7">0</subfield>
    <subfield code="a">SEACOMEC</subfield>
    <subfield code="b">SEACOMEC</subfield>
    <subfield code="d">2010-02-13</subfield>
    <subfield code="l">0</subfield>
    <subfield code="o">621.54 R161</subfield>
    <subfield code="p">16034</subfield>
    <subfield code="r">2025-04-16 12:27:26</subfield>
    <subfield code="t">7</subfield>
    <subfield code="w">2025-04-16</subfield>
    <subfield code="y">BOOK</subfield>
  </datafield>
  <datafield tag="952" ind1=" " ind2=" ">
    <subfield code="0">0</subfield>
    <subfield code="1">0</subfield>
    <subfield code="2">ddc</subfield>
    <subfield code="4">0</subfield>
    <subfield code="7">0</subfield>
    <subfield code="a">SEACOMEC</subfield>
    <subfield code="b">SEACOMEC</subfield>
    <subfield code="d">2010-02-13</subfield>
    <subfield code="l">0</subfield>
    <subfield code="o">621.54 R161</subfield>
    <subfield code="p">16035</subfield>
    <subfield code="r">2025-04-16 12:27:26</subfield>
    <subfield code="t">8</subfield>
    <subfield code="w">2025-04-16</subfield>
    <subfield code="y">BOOK</subfield>
  </datafield>
  <datafield tag="952" ind1=" " ind2=" ">
    <subfield code="0">0</subfield>
    <subfield code="1">0</subfield>
    <subfield code="2">ddc</subfield>
    <subfield code="4">0</subfield>
    <subfield code="7">0</subfield>
    <subfield code="a">SEACOMEC</subfield>
    <subfield code="b">SEACOMEC</subfield>
    <subfield code="d">2010-02-13</subfield>
    <subfield code="l">0</subfield>
    <subfield code="o">621.54 R161</subfield>
    <subfield code="p">16036</subfield>
    <subfield code="r">2025-04-16 12:27:26</subfield>
    <subfield code="t">9</subfield>
    <subfield code="w">2025-04-16</subfield>
    <subfield code="y">BOOK</subfield>
  </datafield>
  <datafield tag="952" ind1=" " ind2=" ">
    <subfield code="0">0</subfield>
    <subfield code="1">0</subfield>
    <subfield code="2">ddc</subfield>
    <subfield code="4">0</subfield>
    <subfield code="7">0</subfield>
    <subfield code="a">SEACOMEC</subfield>
    <subfield code="b">SEACOMEC</subfield>
    <subfield code="d">2025-08-05</subfield>
    <subfield code="l">0</subfield>
    <subfield code="o">621.54 R161</subfield>
    <subfield code="p">18431</subfield>
    <subfield code="r">2025-08-05 13:00:47</subfield>
    <subfield code="t">10</subfield>
    <subfield code="w">2025-08-05</subfield>
    <subfield code="y">BOOK</subfield>
  </datafield>
  <datafield tag="952" ind1=" " ind2=" ">
    <subfield code="0">0</subfield>
    <subfield code="1">0</subfield>
    <subfield code="2">ddc</subfield>
    <subfield code="4">0</subfield>
    <subfield code="7">0</subfield>
    <subfield code="a">SEACOMEC</subfield>
    <subfield code="b">SEACOMEC</subfield>
    <subfield code="d">2025-08-05</subfield>
    <subfield code="l">0</subfield>
    <subfield code="o">621.54 R161</subfield>
    <subfield code="p">18432</subfield>
    <subfield code="r">2025-08-05 13:00:47</subfield>
    <subfield code="t">11</subfield>
    <subfield code="w">2025-08-05</subfield>
    <subfield code="y">BOOK</subfield>
  </datafield>
  <datafield tag="952" ind1=" " ind2=" ">
    <subfield code="0">0</subfield>
    <subfield code="1">0</subfield>
    <subfield code="2">ddc</subfield>
    <subfield code="4">0</subfield>
    <subfield code="7">0</subfield>
    <subfield code="a">SEACOMEC</subfield>
    <subfield code="b">SEACOMEC</subfield>
    <subfield code="d">2025-08-05</subfield>
    <subfield code="l">0</subfield>
    <subfield code="o">621.54 R161</subfield>
    <subfield code="p">18433</subfield>
    <subfield code="r">2025-08-05 13:00:47</subfield>
    <subfield code="t">12</subfield>
    <subfield code="w">2025-08-05</subfield>
    <subfield code="y">BOOK</subfield>
  </datafield>
  <datafield tag="952" ind1=" " ind2=" ">
    <subfield code="0">0</subfield>
    <subfield code="1">0</subfield>
    <subfield code="2">ddc</subfield>
    <subfield code="4">0</subfield>
    <subfield code="7">0</subfield>
    <subfield code="a">SEACOMEC</subfield>
    <subfield code="b">SEACOMEC</subfield>
    <subfield code="d">2025-08-05</subfield>
    <subfield code="l">0</subfield>
    <subfield code="o">621.54 R161</subfield>
    <subfield code="p">18434</subfield>
    <subfield code="r">2025-08-05 13:00:47</subfield>
    <subfield code="t">13</subfield>
    <subfield code="w">2025-08-05</subfield>
    <subfield code="y">BOOK</subfield>
  </datafield>
  <datafield tag="952" ind1=" " ind2=" ">
    <subfield code="0">0</subfield>
    <subfield code="1">0</subfield>
    <subfield code="2">ddc</subfield>
    <subfield code="4">0</subfield>
    <subfield code="7">0</subfield>
    <subfield code="a">SEACOMEC</subfield>
    <subfield code="b">SEACOMEC</subfield>
    <subfield code="d">2025-08-05</subfield>
    <subfield code="l">0</subfield>
    <subfield code="o">621.54 R161</subfield>
    <subfield code="p">18435</subfield>
    <subfield code="r">2025-08-05 13:00:47</subfield>
    <subfield code="t">14</subfield>
    <subfield code="w">2025-08-05</subfield>
    <subfield code="y">BOOK</subfield>
  </datafield>
  <datafield tag="952" ind1=" " ind2=" ">
    <subfield code="0">0</subfield>
    <subfield code="1">0</subfield>
    <subfield code="2">ddc</subfield>
    <subfield code="4">0</subfield>
    <subfield code="7">0</subfield>
    <subfield code="a">SEACOMEC</subfield>
    <subfield code="b">SEACOMEC</subfield>
    <subfield code="d">2025-08-05</subfield>
    <subfield code="l">0</subfield>
    <subfield code="o">621.54 R161</subfield>
    <subfield code="p">18436</subfield>
    <subfield code="r">2025-08-05 13:00:47</subfield>
    <subfield code="t">15</subfield>
    <subfield code="w">2025-08-05</subfield>
    <subfield code="y">BOOK</subfield>
  </datafield>
  <datafield tag="952" ind1=" " ind2=" ">
    <subfield code="0">0</subfield>
    <subfield code="1">0</subfield>
    <subfield code="2">ddc</subfield>
    <subfield code="4">0</subfield>
    <subfield code="7">0</subfield>
    <subfield code="a">SEACOMEC</subfield>
    <subfield code="b">SEACOMEC</subfield>
    <subfield code="d">2025-08-05</subfield>
    <subfield code="l">0</subfield>
    <subfield code="o">621.54 R161</subfield>
    <subfield code="p">18437</subfield>
    <subfield code="r">2025-08-05 13:00:47</subfield>
    <subfield code="t">16</subfield>
    <subfield code="w">2025-08-05</subfield>
    <subfield code="y">BOOK</subfield>
  </datafield>
  <datafield tag="952" ind1=" " ind2=" ">
    <subfield code="0">0</subfield>
    <subfield code="1">0</subfield>
    <subfield code="2">ddc</subfield>
    <subfield code="4">0</subfield>
    <subfield code="7">0</subfield>
    <subfield code="a">SEACOMEC</subfield>
    <subfield code="b">SEACOMEC</subfield>
    <subfield code="d">2025-08-05</subfield>
    <subfield code="l">0</subfield>
    <subfield code="o">621.54 R161</subfield>
    <subfield code="p">18438</subfield>
    <subfield code="r">2025-08-05 13:00:47</subfield>
    <subfield code="t">17</subfield>
    <subfield code="w">2025-08-05</subfield>
    <subfield code="y">BOOK</subfield>
  </datafield>
  <datafield tag="952" ind1=" " ind2=" ">
    <subfield code="0">0</subfield>
    <subfield code="1">0</subfield>
    <subfield code="2">ddc</subfield>
    <subfield code="4">0</subfield>
    <subfield code="7">0</subfield>
    <subfield code="a">SEACOMEC</subfield>
    <subfield code="b">SEACOMEC</subfield>
    <subfield code="d">2025-08-05</subfield>
    <subfield code="l">0</subfield>
    <subfield code="o">621.54 R161</subfield>
    <subfield code="p">18439</subfield>
    <subfield code="r">2025-08-05 13:00:47</subfield>
    <subfield code="t">18</subfield>
    <subfield code="w">2025-08-05</subfield>
    <subfield code="y">BOOK</subfield>
  </datafield>
  <datafield tag="952" ind1=" " ind2=" ">
    <subfield code="0">0</subfield>
    <subfield code="1">0</subfield>
    <subfield code="2">ddc</subfield>
    <subfield code="4">0</subfield>
    <subfield code="7">0</subfield>
    <subfield code="a">SEACOMEC</subfield>
    <subfield code="b">SEACOMEC</subfield>
    <subfield code="d">2025-08-05</subfield>
    <subfield code="l">0</subfield>
    <subfield code="o">621.54 R161</subfield>
    <subfield code="p">18440</subfield>
    <subfield code="r">2025-08-05 13:00:47</subfield>
    <subfield code="t">19</subfield>
    <subfield code="w">2025-08-05</subfield>
    <subfield code="y">BOOK</subfield>
  </datafield>
  <datafield tag="999" ind1=" " ind2=" ">
    <subfield code="c">2194</subfield>
    <subfield code="d">2194</subfield>
  </datafield>
</record>
